[Event "Geneva FIDE GP"]
[Site "Geneva"]
[Date "2017.07.15"]
[Round "9"]
[White "Svidler, Peter"]
[Black "Hou, Yifan"]
[Result "1-0"]
[WhiteElo "2749"]
[BlackElo "2666"]
[Annotator "Roiz,M"]
[PlyCount "61"]
[EventDate "2017.07.06"]
[EventType "swiss"]
[EventRounds "9"]
[EventCountry "SUI"]
[SourceTitle "CBM 180"]
[Source "ChessBase"]
[SourceDate "2017.09.13"]
[SourceVersion "1"]
[SourceVersionDate "2017.09.13"]
[SourceQuality "1"]

1. c4 e6 2. Nc3 d5 3. d4 Nf6 4. cxd5 Nxd5 5. e4 Nxc3 6. bxc3 c5 7. Rb1 {
Peter is emloying a considerably rare continuation, that enables White to
avoid the major simplifications.} ({The main line} 7. Nf3 cxd4 8. cxd4 Bb4+ 9.
Bd2 Bxd2+ 10. Qxd2 O-O {has proved to be very solid for Black.}) 7... Be7 8.
Nf3 (8. Bb5+ {was also recently tested on the highest level:} Bd7 9. Bxd7+ (9.
Nf3 Bxb5 10. Rxb5 b6 11. O-O O-O $11) 9... Qxd7 10. d5 exd5 11. exd5 O-O 12.
Nf3 Bf6 13. O-O b5 $132 {Aronian,L - Vallejo Pons,F Sharjah UAE 2017}) 8... O-O
9. Bc4 {This is the most natural way of development. White's bishop is
supporting the thematic d4-d5 advance now.} (9. Bd3 cxd4 10. cxd4 Nc6 {offers
Black comfortable play due to the pressure on the d4-pawn.}) 9... Nc6 ({
The more modest} 9... Nd7 10. O-O Qc7 11. Qe2 b6 12. d5 exd5 13. Bxd5 Bb7 14.
Bf4 Qxf4 15. Bxb7 Rab8 16. Bc6 $14 {(Vitiugov,N - Miton,K Czech Republic CZE
2013) didn't offer Black a full equality.}) 10. O-O b6 $146 {A natural novelty.
There is no reason for delaying the development of the passive c8-bishop.} ({
The preceding encounter was played almost half a century ago:} 10... Qc7 11.
Qe2 b6 12. Rd1 Na5 13. Bd3 Bb7 14. d5 c4 15. Bc2 e5 16. Be3 $14 {Polugaevsky,
L-Petrosian,T Soviet Union 1970}) 11. d5 $1 {Only this ambitious continuation
might pose Black any problems.} (11. Bf4 Bb7 12. Re1 cxd4 13. cxd4 Rc8 $11)
11... Na5 (11... exd5 12. Bxd5 Qc7 13. Re1 $14 {looks rather passive for Black.
}) 12. Bd3 c4 {This move makes the d5-pawn vulnerable. On the other hand, the
a5-knight is definitely misplaced now.} 13. Bc2 exd5 14. exd5 Bb7 {Black's
main counterplay is based on attacking the Pd5, but the Kg8 is getting more
exposed now.} ({Possibly, a safer try was} 14... Bg4 $5 15. Qe2 (15. h3 Bh5 16.
Re1 Bd6 $132) (15. Bf4 Nb7 16. h3 Bh5 17. Re1 Bd6 $132) 15... Bh5 $1 16. Re1
Bd6 $132 {securing the king and intending to attack the d5-pawn in the long
run.}) 15. Re1 Bf6 $2 {This move is inviting serious troubles - Black
shouldn't let White advance the passer.} ({A much better move was} 15... Qd6 $1
16. Ne5 (16. Rb5 a6 17. Rb1 Rae8 18. Be3 Bd8 $132) 16... Qxd5 17. Qg4 Rad8 18.
Qh3 f5 19. Bf4 Bc8 $1 {, and it looks like White has sufficient play for a
pawn, but hardly more. For instance,} 20. Rbd1 (20. Ng6 hxg6 21. Rxe7 Rfe8 22.
Rxg7+ Kxg7 23. Qh6+ Kg8 24. Qxg6+ Kh8 {with a perpetual}) 20... Qc5 21. g4 Rxd1
22. Rxd1 Bg5 $1 23. Bg3 h6 24. gxf5 Nc6 25. Nd7 Bxd7 26. Rxd7 Ne5 {and Black
is OK.}) 16. d6 $1 {Of course, GM Svidler doesn't miss this chance.} (16. Ba3
$6 {is much weaker:} Re8 17. Rxe8+ Qxe8 18. Qd2 Qd7 19. Rd1 Rd8 20. d6 Bxf3 21.
gxf3 g6 $132) 16... Re8 ({In the event of} 16... Qd7 17. Ne5 Bxe5 18. Rxe5 Rfe8
19. Bf4 Rxe5 20. Bxe5 Re8 21. Bg3 $16 {White's powerful bishops would support
the passer, so Black is in big troubles.}) 17. Rxe8+ Qxe8 18. Bf4 Rd8 (18...
Qd7 19. Nd4 g6 20. Ba4 Nc6 21. Qd2 $16) 19. Bf5 $1 {Now the passer has perfect
support from both White's bishops.} g6 $2 {The decisive mistake.} ({It was
necessary to remove the queen from the back-rank:} 19... Qc6 20. d7 g6 21. Bh3
Bxc3 22. Rc1 {, even though White's initiative lasts there too:} Bf6 23. Qe2
Qe4 24. Qxe4 Bxe4 25. Bc7 Rf8 26. Ne5 $36) 20. d7 Qf8 ({A more stubborn option
was} 20... Qe7 21. Bh3 Bc6 22. Bc7 Rxd7 23. Bxd7 Qxd7 24. Qxd7 Bxd7 25. Be5 $18
{, but White should be able to convert his material advantage into a full
point.}) 21. Bh3 Be4 22. Rc1 {White is not in a rush.} Qc5 (22... Nb7 {offered
no hope either:} 23. Bc7 Nc5 24. Bxd8 Qxd8 25. Qe2 $18) 23. Qe2 Bf5 {Alas,
this move doesn't help Black to release the tension.} 24. Rd1 Bxh3 25. gxh3 Kg7
({Or} 25... Nb7 26. Qe4 Qf5 27. Qxf5 gxf5 28. Bc7 Rf8 29. Nd4 $18) 26. Rd6 $1 {
The most effective.} Bxc3 (26... Nb7 27. Rxf6 Kxf6 28. Be5+ Ke7 29. Bd4+ $18)
27. Ng5 {All Black's pieces are too far away from the king, so White's attack
is unstoppable.} Qf5 28. Qe7 {The rest is just an agony.} h6 29. Ne6+ Kh7 30.
Nxd8 Qxf4 31. Nxf7 1-0

[Event "EU-Cup 28th"]
[Site "Eilat"]
[Date "2012.10.14"]
[Round "4.1"]
[White "Wojtaszek, Radoslaw"]
[Black "Roiz, Michael"]
[Result "1/2-1/2"]
[WhiteElo "2733"]
[BlackElo "2618"]
[Annotator "Roiz,M"]
[PlyCount "169"]
[EventDate "2012.10.11"]
[EventType "team-swiss"]
[EventRounds "7"]
[EventCountry "ISR"]
[SourceTitle "CBM 151"]
[Source "ChessBase"]
[SourceDate "2012.11.13"]
[SourceVersion "1"]
[SourceVersionDate "2012.11.13"]
[SourceQuality "1"]
[WhiteTeam "Novy Bor"]
[BlackTeam "Beer Sheva"]
[WhiteTeamCountry "CZE"]
[BlackTeamCountry "ISR"]

1. d4 e6 2. c4 d5 3. Nc3 Nf6 4. cxd5 Nxd5 5. e4 Nxc3 6. bxc3 c5 7. a3 {Quite a
rare continuation. White is just trying to keep as many pieces on the board as
possible!} ({A well known theoretical line starts with} 7. Nf3 cxd4 8. cxd4
Bb4+ 9. Bd2 Bxd2+ 10. Qxd2 O-O 11. Bc4 Nc6 ({or} 11... Nd7 12. O-O b6) 12. O-O
b6) 7... cxd4 (7... Be7 8. Nf3 O-O 9. Bd3 Nc6 10. Bb2 b6 11. O-O cxd4 12. cxd4
Bb7 13. Qe2 Rc8 14. Rad1 Na5 15. d5 exd5 16. exd5 $36 {1-0 Bocharov,D (2582)
-Mozharov,M (2459)/St Petersburg RUS 2011 (26)}) 8. cxd4 e5 $5 {Probably that
move came as a real surprise for Radoslaw.} 9. Nf3 {The best attempt to fight
for the opening advantage.} (9. dxe5 Qa5+ 10. Bd2 Qxe5 11. Bd3 Bc5 (11... Bg4
$5) 12. Nf3 Qe7 13. O-O Nc6 $11) (9. d5 Bd6 10. Nf3 Nd7 11. Be2 O-O 12. O-O Nc5
$11 {1/2 Martinovic,S (2496)-Saric,A (2523)/Zagreb CRO 2012 (38)}) 9... exd4
10. Qxd4 $146 {My strong opponent chooses the safest continuation. To be
honest, I had mainly expected that move during my preparation.} (10. Bb5+ Bd7
11. Bxd7+ Qxd7 12. Qxd4 Qxd4 13. Nxd4 Bc5 14. Nb5 Na6 $11) ({However, I
believe the most challenging way was connected with a pawn sacrifice:} 10. Bc4
$5 Nc6 11. O-O Be7 12. Bd5 O-O 13. Rb1 $44 Bf6 14. Bf4 Re8 {1/2 Lerner,K (2494)
-Golod,V (2538)/Ramat Aviv 2004/CBM 102 ext}) 10... Qxd4 11. Nxd4 Bc5 {The
most natural developing move.} (11... Be7 12. Be3 O-O 13. Be2 Bd7 14. O-O Nc6
15. Nb5 a6 16. Nc7 Rac8 17. Nd5 $14) 12. Nb5 (12. Bb2 O-O 13. Rc1 Bb6 14. Bc4
Rd8 15. Bd5 Na6 16. Ke2 Nc7 17. Bb3 Ne6 18. Nxe6 Bxe6 19. Bxe6 fxe6 $11) 12...
Na6 13. Bf4 (13. Bc4 O-O 14. Ke2 Re8 15. f3 Be6 16. Bxe6 Rxe6 17. Be3 Re7 $1 (
17... Bxe3 18. Kxe3 b6 19. a4 $14) 18. g4 Bxe3 19. Kxe3 Nc7 $11) 13... O-O 14.
Bd3 {Only this somewhat provocative move was ''new'' for me over the board.
The bishop looks a bit vulnerable there.} ({My home preparation was mainly
based on:} 14. Bc4 Be6 (14... Re8 $5 15. Bd5 Bd7 16. Nd6 Bxd6 17. Bxd6 Rad8 18.
O-O (18. Bxb7 Bc8 19. Bxc8 Rxe4+ 20. Kf1 Rxd6 $11) 18... Be6 19. Bxe6 Rxd6 20.
Bd5 Nc5 21. Rac1 b6 $11) 15. Bxe6 fxe6 16. Bg3 Rac8 17. O-O Bb6 18. Nd6 Rc2 19.
Nxb7 Nc5 20. Nxc5 Bxc5 21. a4 Bd4 22. Rab1 Re2 $11) 14... Be6 ({There was
nothing wrong with attacking it immediately:} 14... Rd8 15. Bc4 Bd7 16. Ke2 Be7
17. Rab1 Nc5 18. f3 b6 $11) 15. Ke2 {Black is by no means not worse and has a
lot of good options. As usually happens with me, such a situation may make me
feel too relaxed :)} Rfd8 (15... Bb6 16. Nd6 Nc5 17. Bc2 Bc7 18. Rhd1 f6 19.
Rab1 b6 $11) (15... Rad8 16. Rhd1 Be7 17. Rac1 Nc5 18. Nxa7 Nxd3 19. Rxd3 Rxd3
20. Kxd3 Bxa3 $11) 16. Rhd1 Bb6 $6 {That is not a real mistake, but I could
play much more actively.} ({I can hardly understand why I rejected the most
natural} 16... Rd7 17. Be3 Rad8 18. Rac1 Bxe3 19. Kxe3 Bb3 20. Rd2 b6 21. e5
Nc5 22. Rc3 $11 {and only White has to be slightly careful.}) 17. Rac1 Nc5 {
Somehow I have overestimated the power of his light-squared bishop.} 18. Nd6 (
18. Be3 Nxd3 19. Rxd3 Rxd3 20. Kxd3 Bd7 21. Nd6 (21. a4 Bxb5+ 22. axb5 Bxe3 23.
Kxe3 a5 $11) 21... Bc6 $11) 18... Nxd3 19. Rxd3 Rd7 20. Be3 {Only here did I
realise that White is running no risks with such a strong knight on d6.} Bd8 $1
{It's important to keep the bishops on the board.} (20... Bxe3 $6 21. Kxe3 Kf8
22. f4 f6 23. f5 Bg8 24. g4 Rad8 25. Rcd1 $14) 21. Nb5 $1 {That strong retreat
poses some concrete problems. White's pieces are very active at the moment,
while the Pa7 is under pressure.} (21. f4 Be7 22. e5 g6 23. h3 f6 24. Rcd1 fxe5
25. fxe5 b6 $11) 21... Rxd3 (21... a6 $6 22. Nd4 b5 23. Nxe6 Rxd3 24. Kxd3 fxe6
25. Rc6 Kf7 26. Bc5 $14) (21... b6 $6 22. Nd4 Be7 23. Rc6 $14) 22. Kxd3 Bd7 {
After long meditation, I decided to enter a rook ending with a pawn down.} ({
My main choice was between the text and:} 22... a6 23. Nc7 Bxc7 (23... Rc8 24.
Nxe6 Rxc1 25. Nxd8 $14) 24. Rxc7 b5 25. Bd4 Rc8 26. Ra7 Rc6 27. Ra8+ Bc8 28. f4
$14) ({But the simplest was} 22... b6 $1 23. Nc7 Rc8 24. Nxe6 Rxc1 25. Bxc1 (
25. Nxd8 Rd1+ 26. Bd2 Ra1 $11) 25... fxe6 26. Kc4 a6 $11) 23. Nxa7 Kf8 (23...
f5 $5 24. exf5 Bxf5+ 25. Ke2 Bd7 $11) 24. Ke2 b6 25. Nc6 Bxc6 26. Rxc6 Rxa3 27.
Bxb6 {White had nothing better.} Bxb6 28. Rxb6 Ra2+ 29. Kf3 Ra3+ 30. Kf4 Ra2
31. Kg3 h5 $1 $11 {Black is just in time to set up an ideal pawn chain for
this ending. Our match situation wasn't clear at that moment, so my opponent
was forced to play till the end.} 32. h4 g6 33. Rb3 Kg7 34. Kf3 Rc2 35. g3 Ra2
36. Ke3 Rc2 37. Rd3 Ra2 {White cannot make any progress without exchanging the
pawns.} 38. Rd2 Ra3+ 39. Kf4 Rb3 40. f3 Ra3 41. Rd5 Ra1 42. g4 hxg4 43. Kxg4 {
All the following moves have no value, as they don't change the character of
the position.} (43. fxg4 Rf1+ 44. Kg3 Rg1+ 45. Kf3 Rf1+ 46. Ke3 Rg1 $11) 43...
Rg1+ 44. Kf4 Rh1 45. Kg3 Kf6 46. Rd6+ Kg7 47. Rd2 Rg1+ 48. Rg2 Re1 49. Rh2 Ra1
50. h5 gxh5 51. Rxh5 Kg6 52. Rb5 Ra3 53. Rb6+ f6 54. Kf4 Ra5 55. Rd6 Rb5 56.
Ke3 Rb3+ 57. Rd3 Rb4 58. Rc3 Ra4 59. Rd3 Rb4 60. f4 Ra4 61. Kf3 Rb4 62. Ra3 Rc4
63. Ra6 Kf7 64. Ra7+ Kf8 65. Rh7 Ra4 66. Rb7 Rc4 67. Rb6 Kf7 68. Rb7+ Kf8 69.
f5 Rc1 70. Ke3 Rc4 71. Kd3 Ra4 72. Rc7 Ke8 73. Rc4 Ra6 74. Kd4 Kd7 75. Rb4 ({
After} 75. e5 fxe5+ 76. Kxe5 Ke7 {We have a classical ''Philidor position''})
75... Rd6+ 76. Kc5 Rc6+ ({Another possibility was} 76... Ra6 77. Rb7+ Ke8 78.
Rb6 Ra5+ 79. Kd6 Re5 80. Rb4 Kf7 $11) 77. Kd4 ({Or} 77. Kb5 Rc1 78. Rc4 Ra1 79.
Kc5 Ra5+ 80. Kd4 Ra1 81. Rb4 Rd1+ 82. Kc5 Rc1+ 83. Rc4 Re1 84. Rd4+ Ke7 $11)
77... Rd6+ 78. Ke3 Ke7 79. Rb7+ Ke8 80. Kf4 Rd1 81. Kg4 Rg1+ 82. Kf4 Re1 83.
Rb6 Ke7 84. Rb7+ Ke8 85. Rc7 1/2-1/2

[Event "EU-chT (Men) 20th"]
[Site "Reykjavik"]
[Date "2015.11.13"]
[Round "1.1"]
[White "Ivanchuk, Vassily"]
[Black "Lupulescu, Constantin"]
[Result "1-0"]
[WhiteElo "2720"]
[BlackElo "2631"]
[Annotator "Sagar Shah"]
[PlyCount "89"]
[EventDate "2015.11.13"]
[EventType "team-swiss"]
[EventRounds "9"]
[EventCountry "ISL"]
[SourceTitle "CBM 170"]
[Source "ChessBase"]
[SourceDate "2016.01.15"]
[SourceVersion "1"]
[SourceVersionDate "2016.01.15"]
[SourceQuality "1"]
[WhiteTeam "Ukraine"]
[BlackTeam "Romania"]
[WhiteTeamCountry "UKR"]
[BlackTeamCountry "ROU"]

1. d4 Nf6 2. c4 e6 3. Nf3 d5 4. Nc3 Be7 5. Qc2 $5 {This move is much less
popular than 5.Bf4 or 5.Bg5 but it is quite interesting. White would like to
transpose to the 5.Bg5 lines at an appropriate moment, maybe inserting cxd5 in
between. Meanwhile he has to be ready for the complications that arise after 5.
..c5!?} O-O (5... c5 {is critical but I am sure Ivanchuk was ready for sharp
lines like} 6. dxc5 d4 7. Nb5 e5 8. Nxe5 a6 9. Na3 O-O $44) 6. cxd5 exd5 7. Bg5
{We have transposed to a normal line of the Queen's Gambit Declined Exchange
Variation. More often you see the move e3 instead of Qc2. So Lupulescu tries
to take advantage of this fact by developing his knight to a6 and threatening .
..Nb4.} h6 {.} 8. Bh4 Na6 $5 9. e3 (9. a3 {keeps the knight out of b4, but
loses further time and Black can be quick to hit out in the centre with} c5 10.
e3 {But here too I think White maintains a slight edge because the knight on
a6 is not particularly well placed.} c4 $5 11. Ne5 Be6 12. Be2 Nc7 13. O-O Nd7
{with a playable position for Black although White should hold a small edge
here because of the e6 bishop not being such a great piece.} (13... b5 14. Nc6
$16)) 9... Nb4 10. Qb3 Bf5 11. Rc1 c5 {Lupulescu's last move is a clear
indication that he wants to make use of his lead in development. The computers
do not agree with this move but from a human point of view nothing looks more
normal than this.} 12. dxc5 $1 Qa5 13. Nd4 $1 {Ivanchuk knows no fear and
continues moving his pieces which have already been developed.} Nd3+ (13... Bg6
14. Be2 Nd3+ 15. Bxd3 Bxd3 16. c6 {transposes to the game.}) 14. Bxd3 Bxd3 {
At first sight this looks pretty good for Black who has prevented his opponent
from castling. But the Ukrainian has seen further.} 15. c6 $5 (15. Qxb7 $1 {
was extremely strong, but humans don't play this way when their king is in the
centre. As we are in analysis mode, it would make sense to consider moves like
these. As of now the bishop on e7 is hanging.} Bxc5 (15... Qxc5 16. Nc6 $1 Rfe8
17. Nxe7+ Qxe7 {You cannot take with the rook as the one on a8 will be left
hanging.} 18. Qxe7 Rxe7 19. Bxf6 gxf6 20. Nxd5 $18) 16. Bxf6 gxf6 17. Nb3 $1
$18) 15... Bc4 16. Qa4 {This is a human reaction. When you are up a pawn it
looks natural to exchange the queens.} (16. Qxb7 Bb4 17. Bxf6 gxf6 18. c7 $18 {
and the c-pawn looks like a winner!}) 16... Qc5 (16... Qxa4 17. Nxa4 bxc6 18.
Nxc6 Bd6 {is the best line of play according to the computer. But for a human
player it looks pretty bad to go into such an ending with a pawn deficit.} 19.
Bxf6 gxf6 20. b3 Bb5 21. Nd4 $16) 17. cxb7 {Ivanchuk chomps another pawn. As
of now he is two pawns up and his king looks pretty safe on e1.} Rab8 18. b3
Bd3 19. Kd2 $1 {This bold move is the best in the position and the king stands
pretty well on d2.} Bg6 (19... Ne4+ $2 20. Nxe4 $18 {[%cal Gc1c5]}) 20. Bxf6 $1
{A nice simplifying idea.} Bxf6 21. Ne4 $1 Qe7 22. Nc5 (22. Nc6 $1 {would have
been very strong. I wonder why Ivanchuk rejected it because it looks pretty
straightforward.} Qxb7 (22... Qxe4 23. Qxe4 Bxe4 24. Nxb8 Rxb8 25. Rc8+ $18) (
22... Qe6 {might have been the move that Ivanchuk would have been afraid of.}
23. Nxb8 dxe4 (23... Bxe4 24. Nd7 $1 $18) 24. Nd7 Qd5+ 25. Ke1 Qxb7 26. Nxf8
$18) 23. Nxf6+ gxf6 24. Nxb8 Rxb8 25. Qd4 $18) 22... Be5 23. g3 (23. Nc6 {
is still pretty strong.} Qg5 24. Nxb8 Qxg2 25. Rhf1 $18) 23... Bd6 24. Nd7 Bb4+
25. Ke2 Bh5+ 26. Kf1 (26. f3 Rfe8 27. Nf5 Bxf3+ {This looks pretty scary as
Kxf3 is met by ...Qe4+ but White can win over here with the sly move} 28. Kf2
$1 Qe4 29. Nxb8 $18 {[%cal Ga4e8]}) 26... Bd2 27. Rc2 (27. Rc7 {was strong.
Ivanchuk's move looks winning on the surface, but it gives Black strong
counterplay.} Qe4 (27... Bxe3 28. Nf5 $1 Qe6 29. Nxe3 $18) 28. Rg1 $1 {A quiet
move asking Black what is the next move for the attack.} Qb1+ 29. Kg2 Qe4+ 30.
f3 $18) 27... Rxb7 $1 28. Nxf8 (28. Rxd2 Qe4 $1 (28... Rxd7 29. h3 $16 {
would be a simple IQP position where White is better}) 29. Rg1 Rc8 $13 {
Things are getting out of control and it is no longer easy for White to win.
He might well be in danger of losing.}) 28... Rb4 $6 (28... Qe4 $1 {would have
muddied the waters to quite some extent.} 29. Kg1 (29. Rg1 Qd3+ 30. Kg2 Qe4+
31. f3 {As compared to some variations that we have seen previously, over here
the rook on c2 is hanging and this helps Black to take the pawn on f3.} Bxf3+
$1 32. Nxf3 (32. Kf1 Qd3+ 33. Kf2 Qxe3+ $19) 32... Qxc2 $13 {This is complete
chaos.}) 29... Rb4 {The threat is to take the knight on d4. You can see how
poorly the rook is placed on c2.} 30. Rxd2 $1 (30. Qxa7 Rxd4 31. Qxd4 Qxc2 32.
Kg2 Qf5 33. Qf4 Qxf4 34. exf4 Kxf8 {I am not sure how we can assess this
position but it looks like both sides are in danger of losing, which is bad
news for White.}) 30... Rxa4 31. bxa4 Qb1+ 32. Kg2 Qe4+ 33. f3 Qxe3 34. Rhd1
Kxf8 35. g4 $16 {White is better, but winning this will not be a piece of cake.
}) 29. Rc8 $1 {Maybe this is the move overlooked by Lupulescu. If it were not
for this move or the tricky Ng6+!? White would lose most of his advantage.} Qe4
(29... Rxa4 30. Ng6+ $18) 30. Nfe6+ Kh7 31. Nf8+ Kg8 {Repeating the position
to gain time on the clock.} 32. Ng6+ $1 {Ivanchuk finds the only way to win.}
Kh7 33. Rh8+ Kxg6 34. Qc6+ {An important intermediate check to force the pawn
to f6.} f6 (34... Kg5 35. h4+ Kg4 36. Qd7+ (36. f3+ $1 $18) 36... f5 37. Qxg7+
$18) 35. Qe8+ $1 {The queens are exchanged and White's material advantage is
brought home.} Qxe8 36. Rxe8 Bc3 37. Nc2 Re4 38. Rxe4 dxe4 39. Nd4 Bf3 40. Nxf3
exf3 {This would have been a nice position for Black had there been pawns on
h3 and g4. But here the rook gets into the game quite easily.} 41. g4 h5 42.
gxh5+ Kxh5 43. Rg1 g5 44. Rg3 g4 45. h3 (45. h3 f5 46. hxg4+ fxg4 47. Rg1 $18 {
[%cal Gg1h1,Gh1h7] A very nice first half by Ivanchuk who got a completely
decisive advantage out of the opening. But then he messed it up with some
inaccurate moves and gave his Romanian opponent chances to make the game
complicated. Lupulescu was not in the best of form and couldn't really exploit
his opportunities after which the Ukrainian waltzed home with the full point.})
1-0

[Event "Olympiad-31"]
[Site "Moscow"]
[Date "1994.12.05"]
[Round "5.1"]
[White "Ivanchuk, Vassily"]
[Black "Vaganian, Rafael A"]
[Result "1-0"]
[WhiteElo "2695"]
[BlackElo "2645"]
[Annotator "Shipov,S"]
[PlyCount "81"]
[EventDate "1994.12.01"]
[EventType "team-swiss"]
[EventRounds "14"]
[EventCountry "RUS"]
[SourceTitle "CBM 045"]
[Source "ChessBase"]
[SourceDate "1995.04.01"]
[SourceVersion "1"]
[SourceVersionDate "1995.04.01"]
[SourceQuality "1"]
[WhiteTeam "Ukraine"]
[BlackTeam "Armenia"]
[WhiteTeamCountry "UKR"]
[BlackTeamCountry "ARM"]

1. c4 e6 2. Nc3 d5 3. d4 Be7 4. cxd5 exd5 5. Bf4 c6 6. e3 Nf6 (6... Bf5) 7. Bd3
Nbd7 8. h3 $1 (8. Nf3 Nh5 $10) 8... O-O 9. Qc2 Re8 10. Nf3 Nf8 11. Rb1 (11. g4
Bd6 (11... Qa5 12. Kf1 Be6 13. Kg2 Rac8 14. a3 Qd8 15. Qb3 Qb6 16. Qd1 Qd8 17.
Bg3 $14 {Sakaev,K-Kharitonov,A/Helsinki/1992/}) (11... Be6 12. Ng5 c5 13. Be5
h6 14. Nf3 N6d7 $132 {Timman,J-Huebner,R/Wijk aan Zee/1982/}) 12. Bxd6 Qxd6 13.
g5 Nh5 14. O-O-O g6 15. Ne5 Ne6 16. h4 $16 {Bareev,E-Andersson,U/Biel/1991/}) (
11. O-O-O Be6 12. Kb1 a5 13. Ng5 b5 14. Be5 h6 15. Nxe6 Nxe6 16. g4 a4 17. Bf5
$14 {Korchnoi,V-Elson,J/Biel/1984/}) (11. Ne5 Be6 12. O-O N6d7 13. Nf3 Rc8 14.
Rab1 c5 15. dxc5 Nxc5 16. Rfd1 Qb6 17. Be5 $14 {Goldin,A-Relange,E/1994/})
11... Ng6 12. Bh2 Bd6 (12... a5 13. a3) 13. Bxd6 Qxd6 14. O-O Bd7 (14... Qe7 $5
) 15. b4 $14 Rac8 16. Rfc1 Qe7 (16... a6 $5) 17. b5 c5 $8 18. Qa4 a6 (18... c4
$2 19. Bxg6 hxg6 20. Qxa7) 19. dxc5 Rxc5 20. Qd4 $1 axb5 21. Nxb5 Rxc1+ (21...
b6 $2 22. Nc3 $1 $16) 22. Rxc1 Rc8 23. Rxc8+ Bxc8 24. Qb6 Ne8 25. a4 (25. Bxg6
$32 hxg6 26. Nfd4 $14) 25... Nf8 26. Nc3 Be6 (26... Qa3 $2 27. Nxd5 Qxd3 28.
Ne7+ Kh8 29. Nxc8 $16) 27. Nd4 Qc7 (27... Qa3 $5 28. Qb3 Qxb3) 28. Qb4 Nd6 29.
a5 $1 Nd7 30. Na4 Ne5 31. Be2 Nec4 (31... Nc6 32. Qc5 $1) 32. Nb6 g6 (32...
Nxb6 33. axb6 (33. Qxb6 $2 Qxb6 34. axb6 Nc8 35. Ba6 Nxb6 $10)) 33. Qc3 Qe7 34.
Qb4 Kf8 $2 (34... Qc7 $1 $14) 35. Bd3 Nxb6 (35... Qc7 $2 36. Bxc4 dxc4 37.
Nxe6+ fxe6 38. Nxc4 $1) 36. Qxb6 Nc8 37. Nxe6+ fxe6 38. Qd4 $16 Kg8 $8 39. e4
$1 Qd8 40. Qb4 Qd6 $2 (40... Nd6 41. exd5 exd5 42. h4 $1) 41. Qxb7 $18 1-0